| 000 | 00706nam a2200241 a 4500 | ||
|---|---|---|---|
| 001 | 1180 | ||
| 003 | BR-CuiBMT | ||
| 005 | 20231130201548.0 | ||
| 008 | 231110s2010 rjb 000 0 por d | ||
| 020 | _a9788537507339 | ||
| 040 |
_aBR-CuiBMT _cBR-CuiBMT |
||
| 080 |
_22007 _a342.9 |
||
| 090 |
_a342.9 _bC331m _c23. ed. |
||
| 100 | 1 | _aCarvalho Filho, José dos Santos | |
| 245 | 1 | 0 |
_aManual de direito administrativo / _cJosé dos Santos Carvalho Filho. |
| 250 | _a23. ed. | ||
| 260 |
_aRio de Janeiro : _bLumen Juris, _c2010. |
||
| 300 |
_a105 p. ; _c24 cm |
||
| 500 | _aQuestões e jurisprudência. | ||
| 504 | _aInclui bibliografia. | ||
| 650 |
_aDireito administrativo _zBrasil |
||
| 942 |
_2udc _cLV |
||
| 999 |
_c1180 _d1180 |
||